[Event "Rhein Main op-A 20th"]
[Site "Bad Homburg"]
[Date "2017.06.18"]
[Round "7"]
[White "Ottway, Christopher"]
[Black "Clitan, Zaharia"]
[Result "1/2-1/2"]
[WhiteElo "1956"]
[BlackElo "2115"]
[PlyCount "23"]
[EventDate "2017.06.14"]
[EventType "swiss"]
[EventRounds "7"]
[EventCountry "GER"]
[SourceTitle "EXT 2018"]
[Source "ChessBase"]
[SourceDate "2017.10.13"]
[SourceVersion "1"]
[SourceVersionDate "2017.10.13"]
[SourceQuality "1"]

1. c4 c5 2. g3 Nf6 3. Bg2 d5 4. cxd5 Nxd5 5. Nc3 Nc7 6. Qa4+ Nd7 7. Nf3 e6 8. d4 Be7 9. dxc5 Bxc5 10. Bf4 Nd5 11. Nxd5 exd5 12. Rd1 1/2-1/2

[Event "Rhein Main op-A 20th"]
[Site "Bad Homburg"]
[Date "2017.06.17"]
[Round "5"]
[White "Clitan, Zaharia"]
[Black "Biegel, Thomas"]
[Result "1-0"]
[WhiteElo "2115"]
[BlackElo "2001"]
[PlyCount "103"]
[EventDate "2017.06.14"]
[EventType "swiss"]
[EventRounds "7"]
[EventCountry "GER"]
[SourceTitle "EXT 2018"]
[Source "ChessBase"]
[SourceDate "2017.10.13"]
[SourceVersion "1"]
[SourceVersionDate "2017.10.13"]
[SourceQuality "1"]

1. d4 d5 2. c4 c6 3. Nf3 Nf6 4. e3 Bg4 5. Qb3 Qb6 6. Nc3 Bxf3 7. gxf3 Qxb3 8. axb3 e6 9. Bd2 Nbd7 10. Bd3 a6 11. 0-0 Be7 12. Rfe1 0-0 13. e4 Rfe8 14. Rac1 Rad8 15. cxd5 cxd5 16. e5 Nh5 17. f4 g6 18. Rc2 Rc8 19. Rec1 Kf8 20. Ne2 Rxc2 21. Rxc2 Rb8 22. b4 Nb6 23. b3 Ng7 24. b5 axb5 25. Ba5 Na8 26. Bxb5 Ne8 27. Nc1 Bd8 28. Bb4+ Be7 29. Ba5 Bd8 30. Bb4+ Be7 31. Ba5 Bd8 32. Bxd8 Rxd8 33. Bxe8 Kxe8 34. Nd3 b6 35. h4 h5 36. Ne1 Kd7 37. Nf3 Nc7 38. Ng5 Rf8 39. Nh7 Ra8 40. Ng5 Rf8 41. Nh7 Rh8 42. Nf6+ Kd8 43. Rc6 b5 44. Kf1 Kc8 45. Ke2 Rd8 46. Rb6 Rf8 47. Kd3 Kd8 48. Rd6+ Kc8 49. Rb6 Kd8 50. Rb8+ Ke7 51. Ng8+ Rxg8 52. Rxg8 1-0

[Event "Hofheim Spring op-A 1st"]
[Site "Hofheim"]
[Date "2013.04.06"]
[Round "8"]
[White "Clitan, Zaharia"]
[Black "Gries, Volker"]
[Result "1/2-1/2"]
[WhiteElo "2024"]
[BlackElo "2153"]
[PlyCount "36"]
[EventDate "2013.04.02"]
[EventType "swiss"]
[EventRounds "9"]
[EventCountry "GER"]
[SourceTitle "CBM 153 Extra"]
[Source "ChessBase"]
[SourceDate "2013.04.22"]
[SourceVersion "1"]
[SourceVersionDate "2013.04.22"]
[SourceQuality "1"]

1. d4 Nf6 2. c4 g6 3. Nc3 Bg7 4. e4 d6 5. f3 0-0 6. Be3 c6 7. Qd2 a6 8. 0-0-0 b5 9. Kb1 bxc4 10. Bxc4 d5 11. Bb3 dxe4 12. Nge2 exf3 13. gxf3 Bh3 14. Nf4 Bf5+ 15. Ka1 Nbd7 16. Nd3 Bxd3 17. Qxd3 e5 18. Qc4 Qc8 1/2-1/2

[Event "Hofheim Spring op-A 1st"]
[Site "Hofheim"]
[Date "2013.04.05"]
[Round "7"]
[White "Kaulfuss, Helmut"]
[Black "Clitan, Zaharia"]
[Result "0-1"]
[WhiteElo "2179"]
[BlackElo "2024"]
[PlyCount "80"]
[EventDate "2013.04.02"]
[EventType "swiss"]
[EventRounds "9"]
[EventCountry "GER"]
[SourceTitle "EXT 2018"]
[Source "ChessBase"]
[SourceDate "2017.10.13"]
[SourceVersion "1"]
[SourceVersionDate "2017.10.13"]
[SourceQuality "1"]

1. e4 e5 2. Nc3 Nf6 3. g3 d5 4. exd5 Nxd5 5. Bg2 Nxc3 6. bxc3 Bd6 7. Ne2 0-0 8. 0-0 c6 9. d3 Be6 10. f4 Nd7 11. c4 Bg4 12. h3 Bxe2 13. Qxe2 exf4 14. Bxf4 Bxf4 15. Rxf4 Qb6+ 16. Kh2 Rae8 17. Qd2 Re7 18. Raf1 Rfe8 19. R4f2 Ne5 20. c5 Qa6 21. Qc3 Qxa2 22. Ra1 Qe6 23. Rxa7 Qh6 24. Ra2 Qe3 25. Rf4 Nd7 26. Qc4 Qxc5 27. Qb3 Nf6 28. d4 Qd6 29. c4 Qc7 30. Rb2 Nh5 31. Rf3 Nxg3 32. Qb6 Nf1+ 33. Kg1 Qxb6 34. Rxb6 Ne3 35. c5 g6 36. Rf2 Nxg2 37. Kxg2 Rd8 38. Rfb2 Rxd4 39. Rxb7 Rxb7 40. Rxb7 Rd5 0-1

[Event "Belgrade Trophy 21st"]
[Site "Obrenovac"]
[Date "2008.12.04"]
[Round "8"]
[White "Clitan, Zaharia"]
[Black "Gavrilovic, Leonardo"]
[Result "1/2-1/2"]
[WhiteElo "2045"]
[BlackElo "2188"]
[PlyCount "96"]
[EventDate "2008.11.27"]
[EventType "swiss"]
[EventRounds "9"]
[EventCountry "YUG"]
[SourceTitle "CBM 127 Extra"]
[Source "ChessBase"]
[SourceDate "2009.01.08"]
[SourceVersion "2"]
[SourceVersionDate "2009.01.28"]
[SourceQuality "1"]

1. d4 Nf6 2. c4 e6 3. Nc3 Bb4 4. Qc2 d5 5. cxd5 exd5 6. Bg5 h6 7. Bxf6 Qxf6 8. a3 Bxc3+ 9. Qxc3 0-0 10. e3 Bg4 11. Qxc7 Nc6 12. Ne2 Rac8 13. Qg3 Qf5 14. f3 Bh5 15. Nf4 Rfe8 16. Kf2 Qc2+ 17. Be2 Qd2 18. Rhe1 Qxe3+ 19. Kf1 Bg6 20. Nxg6 fxg6 21. Qxg6 Ne7 22. Qd3 Qg5 23. g3 Nf5 24. f4 Qf6 25. Bg4 g6 26. Bxf5 Qxf5 27. Qxf5 gxf5 28. Rxe8+ Rxe8 29. Re1 Re4 30. Rc1 Re7 31. Rc5 Rd7 32. Kf2 Kf7 33. Rc8 Kf6 34. h3 Re7 35. Rd8 Rc7 36. Rd6+ Ke7 37. Rxd5 Rc2+ 38. Kf3 Rxb2 39. Rxf5 Rb3+ 40. Ke4 Rxa3 41. Rh5 Rxg3 42. Rxh6 Rb3 43. Rh7+ Kf6 44. f5 a5 45. Rh6+ Kf7 46. Ke5 Re3+ 47. Kf4 Rb3 48. Ke5 Re3+ 1/2-1/2

[Event "ROM-chT U20"]
[Site "Mangalia"]
[Date "2007.08.29"]
[Round "5.2"]
[White "Clitan, Zaharia"]
[Black "Taras, Gheorghe Dan"]
[Result "0-1"]
[WhiteElo "2013"]
[BlackElo "2212"]
[PlyCount "66"]
[EventDate "2007.08.26"]
[EventType "tourn"]
[EventRounds "5"]
[EventCountry "ROU"]
[SourceTitle "EXT 2010"]
[Source "ChessBase"]
[SourceDate "2010.11.25"]
[SourceVersion "1"]
[SourceVersionDate "2010.11.25"]
[SourceQuality "1"]

1. d4 d6 2. c4 e5 3. dxe5 dxe5 4. Qxd8+ Kxd8 5. b3 c6 6. Bb2 f6 7. Nc3 Be6 8. 0-0-0+ Kc7 9. g3 Nh6 10. Bh3 Bxh3 11. Nxh3 Nd7 12. Rd2 Be7 13. Rhd1 Rhd8 14. f4 Ng4 15. e4 Nc5 16. Ng1 exf4 17. gxf4 Ne3 18. Rxd8 Rxd8 19. Rxd8 Kxd8 20. Nf3 Ng2 21. f5 Nd3+ 22. Kc2 Nde1+ 23. Nxe1 Nxe1+ 24. Kd1 Nf3 25. h3 Bd6 26. Bc1 h5 27. Be3 Be5 28. Ne2 Ng5 29. Bxg5 fxg5 30. Ke1 Ke7 31. Kf2 Kd6 32. Ke3 Kc5 33. Nc1 Bf4+ 0-1

[Event "ROM-chT U20"]
[Site "Mangalia"]
[Date "2007.08.27"]
[Round "3.1"]
[White "Clitan, Zaharia"]
[Black "Baratosi, Daniel"]
[Result "0-1"]
[WhiteElo "2013"]
[BlackElo "2331"]
[PlyCount "56"]
[EventDate "2007.08.26"]
[EventType "tourn"]
[EventRounds "5"]
[EventCountry "ROU"]
[SourceTitle "EXT 2010"]
[Source "ChessBase"]
[SourceDate "2010.11.25"]
[SourceVersion "1"]
[SourceVersionDate "2010.11.25"]
[SourceQuality "1"]

1. d4 d5 2. c4 e5 3. dxe5 d4 4. e4 Nc6 5. f4 f6 6. e6 Bxe6 7. Nf3 Qd7 8. a3 f5 9. Nbd2 Nf6 10. Ng5 fxe4 11. Ndxe4 Nxe4 12. Nxe4 Bg4 13. Qc2 d3 14. Qxd3 Qe7 15. Qe3 0-0-0 16. Bd3 Qd7 17. Nf2 Bf5 18. Bxf5 Qxf5 19. 0-0 Bc5 20. Qh3 Qxh3 21. gxh3 Bd4 22. Rb1 Rhe8 23. Kh1 Bxf2 24. Rxf2 Re1+ 25. Kg2 Rdd1 26. Rc2 Nd4 27. Rc3 Re2+ 28. Kg3 Rg1+ 0-1

[Event "ROM-chT U20"]
[Site "Mangalia"]
[Date "2007.08.26"]
[Round "1.2"]
[White "Clitan, Zaharia"]
[Black "Georgescu, Tiberiu Marian"]
[Result "0-1"]
[WhiteElo "2013"]
[BlackElo "2385"]
[PlyCount "56"]
[EventDate "2007.08.26"]
[EventType "tourn"]
[EventRounds "5"]
[EventCountry "ROU"]
[SourceTitle "EXT 2010"]
[Source "ChessBase"]
[SourceDate "2010.11.25"]
[SourceVersion "1"]
[SourceVersionDate "2010.11.25"]
[SourceQuality "1"]

1. d4 Nf6 2. c4 c5 3. d5 b5 4. Nf3 Bb7 5. a4 Qa5+ 6. Bd2 b4 7. Qc2 g6 8. e4 d6 9. Bd3 Bg7 10. 0-0 Nbd7 11. Bf4 Nh5 12. Be3 e5 13. dxe6 fxe6 14. Ng5 Ke7 15. f4 Raf8 16. f5 Bh6 17. fxe6 Rxf1+ 18. Bxf1 Ne5 19. Be2 Ng7 20. Nd2 Nxe6 21. Ndf3 Nxf3+ 22. Bxf3 Bxg5 23. Bxg5+ Nxg5 24. Qd2 Nxf3+ 25. gxf3 h6 26. Re1 Qd8 27. e5 d5 28. Qf4 Qf8 0-1

[Event "ROM-ch"]
[Site "Amara"]
[Date "2007.02.20"]
[Round "6"]
[White "Matei, Florin"]
[Black "Clitan, Zaharia"]
[Result "1-0"]
[WhiteElo "2227"]
[BlackElo "1980"]
[PlyCount "59"]
[EventDate "2007.02.16"]
[EventType "swiss"]
[EventRounds "9"]
[EventCountry "ROU"]
[SourceTitle "CBM 117 Extra"]
[Source "ChessBase"]
[SourceDate "2007.05.09"]
[SourceVersion "1"]
[SourceVersionDate "2007.05.09"]
[SourceQuality "1"]

1. e4 e5 2. Nf3 d6 3. d4 exd4 4. Nxd4 Nf6 5. Nc3 Be7 6. Bc4 0-0 7. 0-0 c6 8. a4 d5 9. exd5 cxd5 10. Bb3 Nc6 11. Bg5 Qb6 12. Nxc6 bxc6 13. a5 Qc7 14. Ne2 Be6 15. Re1 Rfd8 16. Bf4 Qd7 17. Nd4 Bg4 18. f3 Bh5 19. c3 Bg6 20. Ba4 Rac8 21. b4 Nh5 22. Be3 Bd6 23. Qd2 Qc7 24. g4 Nf4 25. Nxc6 d4 26. Bxd4 Nh3+ 27. Kh1 Rf8 28. Nxa7 Ra8 29. Nb5 Qc6 30. Nxd6 1-0

[Event "ROM-ch"]
[Site "Amara"]
[Date "2007.02.18"]
[Round "4"]
[White "Bach, Adrian"]
[Black "Clitan, Zaharia"]
[Result "1-0"]
[WhiteElo "2273"]
[BlackElo "1980"]
[PlyCount "49"]
[EventDate "2007.02.16"]
[EventType "swiss"]
[EventRounds "9"]
[EventCountry "ROU"]
[SourceTitle "CBM 117 Extra"]
[Source "ChessBase"]
[SourceDate "2007.05.09"]
[SourceVersion "1"]
[SourceVersionDate "2007.05.09"]
[SourceQuality "1"]

1. e4 c5 2. Nf3 e6 3. d4 cxd4 4. Nxd4 a6 5. Bd3 Bc5 6. Nb3 Be7 7. 0-0 d6 8. f4 Nd7 9. Be3 Ngf6 10. c4 b6 11. Nc3 Bb7 12. Qe2 h5 13. Rae1 Qc7 14. Bd4 e5 15. Nd5 Nxd5 16. exd5 Bf6 17. Bf5 Kd8 18. fxe5 Nxe5 19. Qf2 Qxc4 20. Nd2 Qb5 21. Bxb6+ Ke8 22. Ne4 Be7 23. Nc3 Qb4 24. a3 Qc4 25. Re4 1-0